All 27 Winners Eurovision - Statistics

General Stats
  • This quiz has been taken 147 times
  • The average score is 25 of 27
Answer Stats
Answer When They Win? How much They Win? % Correct
Sweden 1974,1984,1991,1999,2012,2015,2023 7
100%
United Kingdom 1967,1969,1976,1981,1997 5
99%
Italy 1964,1990,2021 3
98%
Ukraine 2004,2016,2022 3
98%
Denmark 1963,2000,2013 3
96%
France 1958,1960,1962,1969,1977 5
96%
Germany 1982,2010 2
96%
Ireland 1970,1980,1987,1992,1993,1994,1996 7
96%
Norway 1985,1995,2009 3
96%
Portugal 2017 1
96%
Spain 1968,1969 2
96%
Greece 2005 1
94%
Israel 1978,1979,1998,2018 4
94%
Luxembourg 1961,1965,1972,1973,1983 5
94%
Netherlands 1957,1959,1969,1975,2019 5
94%
Austria 1966,2014 2
92%
Estonia 2001 1
92%
Finland 2006 1
92%
Switzerland 1956,1988 2
92%
Latvia 2002 1
91%
Russia 2008 1
91%
Serbia 2007 1
91%
Yugoslavia 1989 1
90%
Türkiye 2003 1
86%
Belgium 1986 1
85%
Azerbaijan 2011 1
80%
Monaco 1971 1
78%
No matching quizzes found
Score Distribution
Percent of People with Each Score
Percentile by Number Answered
Your Score History
You have not taken this quiz